000 00700nam a2200229Ia 4500
001 21793
008 140409s9999 xx 000 0 und d
020 _a9789694073569
040 _cPK-LaUMT
082 _a 954.0359
_bHIS-
100 _aA B. A. Haleem
245 2 _aA history of the freedom movement 1707 - 1831:
_b(being the story of Muslim struggle for the freedom of Hind-Pakistan)
_cA B. A. Haleem<>A. Halim<>M. B. Ahmad<>Mahmood Hussain
260 _aKarachi,Pakistan:
_bRoyal Book Company,
_c2008
300 _a630 p.
501 _a1
546 _aEN
650 _aHistory-freedom movement
700 _aA. Halim
700 _aM. B. Ahmad
700 _aMahmood Hussain
942 _cBK
999 _c22092
_d22092